[Event "Barcelona Region West-ch U14"]
[Site "Barcelona"]
[Date "2009.01.17"]
[Round "1.8"]
[White "Jara Basterrechea, Elisa"]
[Black "Nicolau Jimenez, Eulalia"]
[Result "0-1"]
[WhiteElo "1700"]
[BlackElo "1730"]
[PlyCount "74"]
[EventDate "2009.01.17"]
[EventType "swiss"]
[EventRounds "6"]
[EventCountry "ESP"]
[SourceTitle "EXT 2024"]
[Source "ChessBase"]
[SourceDate "2023.10.10"]
[SourceVersion "1"]
[SourceVersionDate "2023.10.10"]
[SourceQuality "1"]

1. e4 c5 2. Nf3 Nc6 3. Nc3 e6 4. Bc4 a6 5. 0-0 g6 6. b3 Bg7 7. h3 Nge7 8. d3 Bxc3 9. Rb1 Bg7 10. d4 cxd4 11. Bb2 b5 12. Be2 Qb6 13. Bd3 0-0 14. Re1 Ne5 15. Nxe5 Bxe5 16. Ba3 Re8 17. Qg4 Nc6 18. Qg5 Qc7 19. g3 d6 20. Rbd1 Rb8 21. Bb2 Nb4 22. Re2 Nxd3 23. Rxd3 Qa5 24. Bxd4 Bxd4 25. Rxd4 Qxa2 26. Red2 Bb7 27. Rd1 Qxc2 28. Qe3 Red8 29. h4 a5 30. h5 Kg7 31. hxg6 hxg6 32. b4 axb4 33. Rxb4 Qxd1+ 34. Kg2 d5 35. e5 d4+ 36. Qf3 Bxf3+ 37. Kh3 Qh1# 0-1